000 01200nam a22003377a 4500
003 CHAP
005 20220329134315.0
008 971013s1975 r 00010 d
010 _a18489
011 _a19461
035 _a23546
040 _cCHAP
082 _a333.91
_bC45 1975
110 _aCentro de Economía, Legislación y Administración del Agua. Mendoza, Argentina
_921062
245 _aCurso de derecho de aguas
250 _a2 ed.
260 _aMendoza :
_bEl centro,
_c1975
300 _a2 v.
_b: gráfs.
590 _aBATCH-UPD
_b10
_c20130110
_lUCH01
_h0201
590 _aBATCH-UPD
_b10
_c20130110
_lUCH01
_h2245
590 _aBATCH-UPD
_b10
_c20130410
_lUCH01
_h1539
590 _aBATCH-UPD
_b10
_c20130913
_lUCH01
_h2243
590 _aCONVERSION
_b10
_c20130109
_lUCH01
_h1311
650 1 4 _aAgua
_xAprovechamiento
_xArgentina.
_92284
650 1 4 _aAgua
_xLeyes
_xArgentina.
_92382
710 0 _aInstituto Nacional de Ciencia y Técnica Hídricas. Mendoza Argentina.
_959292
901 _aBK
942 _cLIBRO
949 _a333.91 C45 1975
_bBC
_cLIBRO
_d33724000333746
_eLIBRO
_fv.2
_h40635
_i23546
_si
949 _a333.91 C45 1975
_bBC
_cLIBRO
_d33724000333753
_eLIBRO
_fv.1
_h40634
_i23546
_mD
_si
999 _c18489
_d18489